Countries Closest to Croatia by first two letters - Statistics

General Stats
  • This quiz has been taken 375 times
  • The average score is 16 of 20
Answer Stats
km country miles % Correct
168 Slovakia 104
96%
0 Slovenia 0
96%
0 Bosnia and Herzegovina 0
95%
0 Montenegro 0
95%
12 Italy 8
94%
0 Serbia 0
88%
0 Hungary 0
87%
23 Austria 15
85%
70 Albania 44
83%
128 Kosovo 80
83%
107 Romania 67
83%
270 Greece 168
82%
315 Bulgaria 196
80%
261 Switzerland 162
76%
141 San Marino 87
75%
233 Germany 145
72%
234 Czechia 145
71%
314 Vatican City 195
71%
177 North Macedonia 110
69%
345 Liechtenstein 215
52%
No matching quizzes found
Score Distribution
Percent of People with Each Score
Percentile by Number Answered
Your Score History
You have not taken this quiz